Messages codés - Spécial Noël - Statistiques

Statistiques générales
  • Ce quiz a été pris 45 fois
  • Le résultat moyen est 5 sur 15
Statistiques - réponses
Code Réponse % Correct
72746 Sapin
85%
44837 Hiver
55%
2233289 Cadeaux
53%
3383 Fête
45%
7373 6635 Père Noël
45%
63443 Neige
38%
736637 Rennes
30%
33236273 Décembre
23%
484752633 Guirlande
20%
28368 Avent
18%
33267284667 Décorations
18%
242687 Chants
15%
53787 Jesus
13%
3264553 Famille
10%
627424 22739 Mariah Carey
10%
Aucun quiz correspondant
Distribution des résultats
% des personnes avec chaque résultat
Percentile par nombre de réponses
Votre historique - résultats
Vous n’avez pas pris ce quiz